000 00651nam a2200181 a 4500
008 071017s1995 ||||||||||||||||| || u
020 _a0821333925
050 _aIBRD(06)DD/1995/6
100 _aPsacharopoulos, George
245 1 0 _aBuilding human capital for better lives
_cGeorge Psacharopoulos
260 _aWashington, D. C.
_bWorld Bank
_c1995
300 _av, 47p.: ill.
350 _a0.00
490 _aDirections in development
650 _aLIFE
650 0 _aHUMAN CAPITAL
995 _D0.00
_FCBU-MAIN LIBRARY (Kitwe)
_H1
_I0.00
_M1
_UAVAILABLE
_WOct 17, 2007
_ZInternational Publications
999 _c36275
_d36275